Predstratové financovanie poistením a zabezpečovacím fondom diplomová práca

Salvato in:
Dettagli Bibliografici
Autore principale: Homza, Vladislav
Ente Autore: Fakulta hospodárskej informatiky EU. Katedra matematiky a aktuárstva
Altri autori: Pinda, Ľudovít, 1958-
Natura: Libro
Lingua:slovacco
Pubblicazione: Bratislava 2018
Tags: Aggiungi Tag
Nessun Tag, puoi essere il primo ad aggiungerne!!

MARC

LEADER 00000nbm a2200000 4500
001 0243603
005 20180925080829.9
041 0 |a slo 
044 |a SK 
245 1 0 |a Predstratové financovanie poistením a zabezpečovacím fondom  |b diplomová práca  |c Vladislav Homza ; školiteľ: Ľudovít Pinda 
264 1 |a Bratislava  |c 2018 
300 |a 60 s. 
100 1 |a Homza, Vladislav 
700 1 |a Pinda, Ľudovít, 1958- 
710 2 |a Fakulta hospodárskej informatiky EU. Katedra matematiky a aktuárstva